000 00669nam a2200253Ia 4500
003 OSt
005 20220918174256.0
006 a|||||r|||| 00| 0
007 ta
008 220917b |||||||| |||| 00| 0 eng d
024 _a11,363
037 _cTextual
040 _aARTS
_cARTS
_beng
041 _2eng
_aeng
082 _a/\:870aZ, L8
100 _aPeters Edward
_949789
245 0 _aMagician the witch and the law
260 _aSussex
_bHarvester Press
_c1978
300 _axviii,216p
_ccm.
500 _aAppendix 183-212p (1-2)
650 _aSPIRITUALISM
942 _h/\:870aZ, L8
_cTEXL
_2CC
999 _c152474
_d152474